000 00491nam a22001937a 4500
003 MPLRDC
005 20220104114057.0
008 210129b ||||| |||| 00| 0 eng d
020 _a7-5325-0867-6
082 _a083.6 SDXL v.14
100 _a秦克、鲍民等著
245 _a十大名妓
_c
250 _a一版一刷
260 _a
_b上海古籍出版社
_c1990
300 _b
490 _a十大系列丛刊
650 _a现代丛书--通俗用
942 _cBK
_o083.6 SDXL v.14
999 _c4638
_d4628